Prišiel, zomrel, zvíťazil príbeh Ježiša z Nazareta

Podrobná bibliografia
Hlavný autor: Daniel, Radek, 1972- (Autor)
Ďalší autori: Bieliková, Marcela (Prekladateľ)
Médium: Kniha
Jazyk:slovenčina
Fyzický popis:215 strán 20 cm
Vydavateľské údaje: Vrútky Advent-Orion 2022
ISBN:9788080712457
Vydanie:Druhé vydanie
Predmet:

MARC

LEADER 00000cam a2200000 4500
001 vtls012132589
003 SK-MaSNL
005 20260302025043.0
008 220427s2022 xo gr 000 0 slo
015 |a SNBA2022/05 
020 |a 9788080712457  |q (brožované) 
040 |a SNK  |b slo  |c SNK  |e rda 
041 1 |a slo  |h [cze] 
044 |a xo  |c SK 
072 7 |a 2-23/-27  |x Biblia. Biblistika  |2 konspekt 
072 7 |a 27  |x Kresťanstvo. Kresťanská cirkev všeobecne. Ekleziológia  |2 konspekt 
080 |a 2-236.5  |2 2011 
080 |a 27-312  |2 2011 
080 |a 2-236  |2 2011 
080 |a 279.14-1/-9  |2 2011 
080 |a (0:82-322.6)  |2 2011 
100 1 |a Daniel, Radek,  |d 1972-  |4 aut  |9 332617 
245 1 0 |a Prišiel, zomrel, zvíťazil  |b príbeh Ježiša z Nazareta  |c Radek Daniel ; preklad Marcela Bieliková 
250 |a Druhé vydanie 
264 1 |a Vrútky  |b Advent-Orion  |c 2022 
300 |a 215 strán  |c 20 cm 
336 |a text  |b txt  |2 rdacontent 
337 |a bez média  |b n  |2 rdamedia 
338 |a zväzok  |b nc  |2 rdacarrier 
500 |a Preložené pravdepodobne z češtiny 
650 0 7 |a biblické postavy  |2 SNKPH  |9 4145 
650 0 7 |a Bible persons  |2 SNKPHeng  |9 276269 
650 0 7 |a biblické udalosti  |2 SNKPH  |9 4157 
650 0 7 |a Biblical events  |2 SNKPHeng  |9 294650 
650 0 7 |a život Krista  |2 SNKPH  |9 49879 
650 0 7 |a Life of Christ  |2 SNKPHeng  |9 304954 
650 0 7 |a biblické parafrázy  |2 SNKPH  |9 74940 
650 0 7 |a Biblical paraphrases  |2 SNKPHeng  |9 327285 
650 0 7 |a učenie adventizmu  |2 SNKPH  |9 66102 
650 0 7 |a Adventist doctrine  |2 SNKPHeng  |9 323969 
655 7 |a biografické príbehy  |2 SNKPH  |9 70709 
655 7 |a Biographical stories  |2 SNKPHeng  |9 286436 
700 1 |a Bieliková, Marcela  |4 trl  |9 11719 
919 |a 978-80-8071-245-7 
954 |a beletria cudzojazyčná (svetová) 
958 |a NT 
999 |c 1042747  |d 1044677 
952 |a SNK  |b SNK  |y PREZ  |7 0  |p 17A1482167  |o snkSD 90680  |i snk2022/6277  |8 0  |0 0  |1 0  |4 0  |d 2022-04-27  |f 1  |l 0  |r 2026-02-24 14:29:33  |w 2026-02-24 
952 |a SNK  |b SNK  |y VYP  |7 0  |p 17A1482168  |o snkSD 90680 D1  |i snk2022/6278  |8 0  |0 0  |1 0  |4 0  |d 2022-04-27  |l 0  |r 2026-02-24 14:29:33  |w 2026-02-24